00936naa#a2200217#i#4500001002200000005001700022011001400039100004100053102000700094200005300101210005100154215001000205606010300215608002700318675010300345686007100448686008200519686006900601700003400670856001400704EN\INFRA-M\bibl\9436120260518005657.1##a2500-0527##a20250430b2025####ek#y0engy0150####ca##aRU1#aAccounting in Probation CenterseJournal article1#aMoscowcINFRA-M Academic Publishing LLC.d2025##a5 с.##aЭкономика и бухгалтерский учет (по отраслям). 38.02.012local##aJournal article2local##aЭкономика. Народное хозяйство. Экономические науки. 33##aЭкономика. Экономические науки. 652bbk##aОБЩЕСТВЕННЫЕ НАУКИ. ЭКОНОМИКА. ПРАВО.. 72tbk##aУчетно-экономические науки. 06.352grnti#1aTatarovgKonstantin Yur'evich4#azh-szf.ru